| 000 | 00359 a2200145 4500 | ||
|---|---|---|---|
| 020 | _a978-1909731-91-2 | ||
| 040 | _aISPLB | ||
| 082 |
_a72 _b72 |
||
| 100 |
_91193 _aMCALLISTER,K,Antorio,K,e,Galway |
||
| 245 | _aLiė̳s de Luanda | ||
| 260 |
_aLuanda , _bQueen ,s Architectural Press _c2020. |
||
| 300 | _a132p | ||
| 650 | _aArquitectura | ||
| 942 | _cLivros | ||
| 999 |
_c2366 _d2366 |
||